000 00676nam a2200241Ia 4500
003 OSt
005 20220928120856.0
006 a|||||r|||| 00| 0
007 ta
008 220927b |||||||| |||| 00| 0 eng d
024 _a32931
037 _cTextual
040 _aSDCL
_cSDCL
_beng
041 _2eng
_aeng
082 _aV2:19'N6, L1
100 _aHeimsath Charles H
_9451318
245 0 _aDiplomatic History of modern India
260 _aNew Delhi
_bAllied publishers
_c1971
300 _axii,559p
_ccm.
700 _a Mansingh Surjit
_9451319
942 _hV2:19'N6, L1
_cTEXL
_2CC
999 _c765392
_d765392